000 00761nam a22002297a 4500
003 OSt
005 20240530110422.0
008 150312s2009 ua abo f b 000 0 eng d
020 _a9789774163265
040 _aEG-CaGPL
_cEG-CaGPL
082 0 4 _221
_a722.2
_bCC/A M
100 1 _aArnold , Dieter
245 1 4 _aThe Monuments of Egypt :
_bAn A-Z Companion to Ancient Egyptian Architecture /
_cDieter Arnold
260 _aCairo :
_bThe American University in Cairo Press,
_c2009.
300 _a274 p. :
_bill., photos , maps ;
_c19 cm.
504 _aIncludes bibliographical references.
650 0 _aArchaeology
_zAncient Egypt
650 0 _aArchitecture
_xAncient Egyptian
651 0 _aEgypt
_yantiquities
942 _2ddc
_cBK
999 _c60677
_d60677